| 000 | 00000nam##2200000za#4500 |
| 001 | 9.687081 |
| 003 | CaOODSP |
| 005 | 20241203113636 |
| 007 | cr ||||||||||| |
| 008 | 150407|2004||||xxc|||||o f|0| 0 eng|d |
| 020 | |a0-662-37740-0 |
| 040 | |aCaOODSP|beng |
| 043 | |an-cn--- |
| 086 | 1 |aEn4-41/4-2004E-PDF |
| 110 | 1 |aCanada. |bEnvironment Canada. |
| 245 | 10|aKey findings - Northern Rivers Ecosystem Initiative |h[electronic resource] |
| 260 | |aOttawa - Ontario : |bEnvironment Canada |c[2004]. |
| 300 | |a14p.|bcoloured figs., coloured map, photographs |
| 500 | |aThe catalogue number (En4-41/4-2004E) for the print edition has been incorrectly copied in this electronic publication. |
| 590 | |a14-08-Supp|b2014-04-10 |
| 690 | 07|aEcosystems|2gcpds |
| 690 | 07|aEnvironmental management|2gcpds |
| 775 | 08|tPrincipales conclusions - l'Initiative des écosystèmes des rivières du Nord |w(CaOODSP)9.631542 |
| 856 | 40|ahttp://publications.gc.ca|qPDF|s10.16 MB|uhttps://publications.gc.ca/collections/collection_2014/ec/En4-41-4-2004-eng.pdf |